Photoperiodism : the biological calendar (Record no. 35947)

MARC details
000 -LEADER
fixed length control field 00851nam a2200265Ia 4500
008 - FIXED-LENGTH DATA ELEMENTS--GENERAL INFORMATION
fixed length control field 191130s2010##################000#0#eng##
020 ## - INTERNATIONAL STANDARD BOOK NUMBER
International Standard Book Number 9780195335903
022 ## - INTERNATIONAL STANDARD SERIAL NUMBER
International Standard Serial Number 2008041919
040 ## - CATALOGING SOURCE
Original cataloging agency ACL
Transcribing agency ACL
082 ## - DEWEY DECIMAL CLASSIFICATION NUMBER
Classification number 612.022 NEL
245 ## - TITLE STATEMENT
Title Photoperiodism : the biological calendar
Statement of responsibility, etc. edited by Randy J. Nelson, David L. Denlinger, David E. Somers
260 ## - PUBLICATION, DISTRIBUTION, ETC.
Place of publication, distribution, etc. Oxford
Name of publisher, distributor, etc. Oxford University Press
Date of publication, distribution, etc. 2010
300 ## - PHYSICAL DESCRIPTION
Extent xiii, 581 p. : ill., maps ; 25 cm
500 ## - GENERAL NOTE
General note Includes bibliographical references and index
650 ## - SUBJECT ADDED ENTRY--TOPICAL TERM
Topical term or geographic name entry element Biological Clocks - genetics
Topical term or geographic name entry element Biological Clocks - physiology
Topical term or geographic name entry element Photoperiod
Topical term or geographic name entry element Photoperiodism
700 ## - ADDED ENTRY--PERSONAL NAME
Personal name Denlinger, David L
Personal name Nelson, Randy Joe
Personal name Somers, David E
990 ## - EQUIVALENCES OR CROSS-REFERENCES [LOCAL, CANADA]
Link information for 9XX fields bcb1d388ac10000c6d1b97326a008e0f
991 ## -
-- 63850
Holdings
Withdrawn status Lost status Damaged status Not for loan Home library Current library Shelving location Date acquired Total Checkouts Full call number Barcode Date last seen Price effective from Koha item type
        Anna Centenary Library Anna Centenary Library 5TH FLOOR, B WING 09.10.2020   612.022 NEL 109780 09.10.2020 09.10.2020 Books

Find us on the map